[Event "Lviv Rapid Cup 2017"]
[Site "Lviv UKR"]
[Date "2017.05.09"]
[Round "9.1"]
[White "Kravtsiv,M"]
[Black "Bernadskiy,V"]
[Result "0-1"]
[WhiteElo "2653"]
[BlackElo "2529"]

1.e4 Nf6 2.Nc3 e5 3.Nf3 Bb4 4.d3 d5 5.Bd2 d4 6.Ne2 Qe7 7.Ng3 h5 8.h4 Bxd2+
9.Qxd2 Ng4 10.Be2 c5 11.Ng5 f6 12.Nf3 Nc6 13.Nh2 Nxh2 14.Rxh2 g6 15.f3 Be6
16.Nh1 O-O-O 17.Nf2 b6 18.a3 Kb7 19.g3 g5 20.f4 exf4 21.gxf4 g4 22.Nh1 f5
23.Ng3 fxe4 24.dxe4 c4 25.e5 d3 26.cxd3 cxd3 27.Bd1 Qc5 28.Rf2 Nxe5 29.fxe5
Qxe5+ 30.Ne2 g3 31.Rf3 dxe2 32.Qxe2 Rxd1+ 33.Rxd1 Qxe2+ 34.Kxe2 Bg4 35.Rf1 g2
{#R} 0-1

[Event "Lviv Rapid Cup 2017"]
[Site "Lviv UKR"]
[Date "2017.05.09"]
[Round "10.3"]
[White "Kravtsiv,M"]
[Black "Roshka,Yevgeniy"]
[Result "1-0"]
[WhiteElo "2653"]
[BlackElo "2192"]

1.e4 c5 2.Nf3 d6 3.d4 cxd4 4.Nxd4 Nf6 5.Nc3 g6 6.Be3 Bg7 7.f3 h5 8.Qd2 a6
9.O-O-O b5 10.Kb1 Nbd7 11.h3 Bb7 12.Be2 Rc8 13.g4 Ne5 14.gxh5 Nxh5 15.Rhg1 Nc4
16.Bxc4 Rxc4 17.Nd5 e6 18.Nc3 Qf6 19.Nb3 O-O 20.Na5 Rc7 21.Qxd6 Rfc8 22.Nxb7
Rxb7 23.Bd4 Qxf3 24.Qxa6 Rd7 25.Qxc8+ Kh7 26.Qxd7 {#r} 1-0

[Event "Match of Seconds 2017"]
[Site "Porto-Vecchio FRA"]
[Date "2017.05.15"]
[Round "1"]
[White "Fressinet,L"]
[Black "Nielsen,PH"]
[Result "1-0"]
[WhiteElo "2668"]
[BlackElo "2639"]

1.Nf3 c5 2.c4 g6 3.d4 cxd4 4.Nxd4 Bg7 5.g3 d5 6.Nb3 dxc4 7.Qxd8+ Kxd8 8.Na5
Nc6 9.Nxc6+ bxc6 10.Bg2 Rb8 11.Nc3 Bd7 12.O-O Nf6 13.Rd1 Kc8 14.Bf4 Rxb2
15.Rab1 Rb6 16.Na4 Nd5 17.Nxb6+ axb6 18.Bxd5 cxd5 19.Rxd5 Bc6 20.Rdd1 Kb7
21.Be3 b5 22.a4 Ka6 23.axb5+ Bxb5 24.Rd5 Rb8 25.Rc5 Rb7 26.Rc8 Ka5 27.Ra8+ Ba6
28.Rxb7 c3 29.Rb6 c2 30.Raxa6# 1-0

[Event "Nakhchivan Open 2017"]
[Site "Nakhchivan AZE"]
[Date "2017.05.11"]
[Round "9.1"]
[White "Safarli,E"]
[Black "Grinev,V"]
[Result "0-1"]
[WhiteElo "2668"]
[BlackElo "2414"]

1.e4 c5 2.Nf3 e6 3.d4 cxd4 4.Nxd4 a6 5.Nc3 Qc7 6.Bd3 Nf6 7.O-O Nc6 8.Nxc6 bxc6
9.f4 d5 10.Kh1 Be7 11.Qe2 O-O 12.e5 Nd7 13.Rf3 g6 14.Nd1 Nc5 15.Nf2 Nxd3
16.cxd3 c5 17.Ng4 Qd8 18.Nh6+ Kg7 19.Rh3 Rb8 20.Qd2 Rh8 21.b3 d4 22.Ba3 Qd5
23.Rf1 Rb6 24.Ng4 Bb7 25.Rg3 h6 26.Rc1 Rb5 27.Rf1 Bh4 28.Rh3 Be7 29.Rg3 Bh4
30.Rh3 Be7 31.Rg1 a5 32.Bc1 a4 33.bxa4 Rb4 34.a5 Ra4 35.a3 c4 36.dxc4 Rxc4
37.Bb2 h5 38.Nf6 Qc6 39.Rc1 Rxc1+ 40.Bxc1 Rc8 41.Bb2 Qc2 42.Qxc2 Rxc2 43.Rb3
d3 {#R} 0-1

[Event "Nakhchivan Open 2017"]
[Site "Nakhchivan AZE"]
[Date "2017.05.09"]
[Round "7.2"]
[White "Safarli,E"]
[Black "Volkov,Sergey1"]
[Result "1-0"]
[WhiteElo "2668"]
[BlackElo "2617"]

1.e4 e6 2.d4 d5 3.Nd2 Nf6 4.e5 Nfd7 5.Bd3 c5 6.c3 Nc6 7.Ne2 cxd4 8.cxd4 f6
9.exf6 Nxf6 10.O-O Bd6 11.Nf3 O-O 12.Bf4 Bxf4 13.Nxf4 Ne4 14.Ne2 Rxf3 15.gxf3
Ng5 16.Kh1 e5 17.Qb3 Qf6 18.Be4 Ne7 19.Nc3 Nxe4 20.Nxe4 Qf4 21.dxe5 Bd7 22.Rg1
Qxe5 23.Rae1 Bc6 24.Ng5 Qf6 25.Re6 Qf8 26.Rh6 gxh6 27.Ne6+ Ng6 28.Nxf8 Rxf8
29.h4 h5 30.Rg5 Rf4 31.Qe3 Rf7 32.Qe6 Bd7 33.Qd6 Kg7 34.f4 Bg4 35.Kh2 Rf6
36.Qc7+ Rf7 37.Qc3+ Kh6 38.Rxd5 Nxh4 39.Rd6+ Ng6 40.Rf6 Kg7 41.Rf5+ Kg8
42.Qc8+ Nf8 43.Rg5+ {#r} 1-0

[Event "German Club Cup Final"]
[Site "Dresden GER"]
[Date "2017.05.13"]
[Round "1.2"]
[White "Movsesian,S"]
[Black "Moehn,H"]
[Result "1-0"]
[WhiteElo "2680"]
[BlackElo "2371"]

1.e4 d5 2.exd5 Qxd5 3.Nc3 Qd8 4.d4 Nf6 5.h3 e6 6.Nf3 a6 7.Be2 c5 8.Be3 cxd4
9.Nxd4 Be7 10.O-O O-O 11.a4 Qc7 12.a5 Rd8 13.Qc1 Nbd7 14.Bf4 Bd6 15.Bxd6 Qxd6
16.Rd1 Qc7 17.Nb3 Nf8 18.Rxd8 Qxd8 19.Na4 Bd7 20.Nb6 Rb8 21.Qf4 Bc6 22.Rd1 Qe8
23.Qd6 Nd5 24.Nxd5 Bxd5 25.c4 Bc6 26.Nc5 Rc8 27.b4 Ng6 28.Bg4 Kh8 29.Bh5 Kg8
30.Bg4 Kh8 31.Qg3 Ne7 32.Bf3 Rb8 33.Bxc6 Nxc6 34.Rd7 e5 35.Qf3 Kg8 36.Rxb7
Rxb7 37.Nxb7 Nxb4 38.Nd6 Qe7 39.c5 e4 40.Qb3 Nc6 41.Qb6 Qg5 42.Nxe4 Qd5 43.Nc3
Qe6 44.Qxa6 h5 45.Kf1 g6 46.Qb5 Ne5 47.Qe2 {#r} 1-0

[Event "Lviv Rapid Cup 2017"]
[Site "Lviv UKR"]
[Date "2017.05.09"]
[Round "10.4"]
[White "Mamedov,Rau"]
[Black "Vovk,Y"]
[Result "1-0"]
[WhiteElo "2689"]
[BlackElo "2600"]

1.e4 c5 2.Nf3 d6 3.Nc3 Nf6 4.e5 dxe5 5.Nxe5 Nbd7 6.d4 e6 7.Bb5 a6 8.Bxd7+ Nxd7
9.Qh5 Nxe5 10.dxe5 Bd7 11.Bg5 Qc7 12.O-O-O Bc6 13.Rhe1 Be7 14.Rd3 Rd8 15.Rg3
g6 16.Qh6 Bxg5+ 17.Rxg5 Qe7 18.Rg3 Kd7 19.Ne4 Bxe4 20.Rxe4 Kc8 21.Rf3 Rd7
22.b3 Rhd8 23.Kb2 b5 24.Ref4 c4 25.Rxf7 Qxf7 26.Rxf7 Rxf7 27.Qe3 Kb7 28.bxc4
bxc4 29.f4 Rd5 30.g3 Rc7 31.Kc3 Ra5 32.Qe4+ Rc6 33.a4 Rxa4 34.Qd4 Ra5 35.Qd7+
Kb6 36.Qd8+ Kb5 37.Qb8+ Rb6 38.Qe8+ Rc6 39.Qf8 Ra4 40.g4 a5 41.f5 gxf5 42.gxf5
exf5 43.e6 Ra1 44.e7 Ra3+ 45.Kd4 Rd6+ 46.Ke5 Kc5 47.Qc8+ Rc6 48.Qxc6+ Kxc6
49.e8=Q+ Kb6 50.Qb8+ {#r} 1-0

[Event "Lviv Rapid Cup 2017"]
[Site "Lviv UKR"]
[Date "2017.05.09"]
[Round "13.1"]
[White "Mamedov,Rau"]
[Black "Onischuk,V"]
[Result "0-1"]
[WhiteElo "2689"]
[BlackElo "2608"]

1.Nf3 g6 2.g3 Bg7 3.Bg2 Nf6 4.d4 O-O 5.O-O d6 6.b3 e5 7.dxe5 dxe5 8.Bb2 e4
9.Ng5 Qe7 10.Nc3 Bf5 11.Ncxe4 Bxe4 12.Nxe4 Nxe4 13.Bxg7 Kxg7 14.Qd4+ Nf6
15.Bxb7 c5 16.Qxf6+ Qxf6 17.Bxa8 Nc6 18.Bxc6 Qxc6 19.c4 Rd8 20.Rfd1 Rxd1+
21.Rxd1 Qe4 22.Rd2 a5 23.Rd5 a4 24.Rxc5 a3 {#R} 0-1